00395nam a22001330 4500003000500000005001700005008004100022050002500063100002000088245004800108260003600156300002400192500004500216PILC20150318091412.0970404  aPT 605b.H463Pr 19571 aHesse, Hermann.14aThe Prodigy /cTranslated by W.J. Strachan. aLondon :bPeter Owen,c[c1957]. a188 pages :c18 cm. a"Transslated from the German Unterm Rad"